De Karol Wojtyla a Juan Pablo II

Shranjeno v:
Bibliografske podrobnosti
Main Authors: Toro, Consuelo (Author), Vial, Elena (Author)
Format: Knjiga
Jezik:španščina
Izdano: Santiago Universidad Católica de Chile 1987
Teme:
Oznake: Označite
Brez oznak, prvi označite!

MARC

LEADER 00000nam a2200000 a 4500
001 UCZ7390
003 CL-VaPUC
008 951228e19870000CL |||||||||||||||||spa|d
082 0 4 |a 262.13  |b TOR  |2 21 
100 0 |a Toro, Consuelo  |e author  |9 352232 
700 0 |a Vial, Elena  |e author  |9 352233 
245 1 0 |a De Karol Wojtyla a Juan Pablo II 
300 |a 103 p 
942 |c BK 
945 |d 19951228 00:00:00  |a lriquelm 
260 |a Santiago  |b Universidad Católica de Chile  |c 1987 
600 0 7 |a WOJTYLA, KAROL  |2 CL-VaPUC  |9 352234 
600 0 7 |a JUAN PABLO II, PAPA  |2 CL-VaPUC  |9 257113 
600 0 |a Iglesia católica  |9 255129 
650 0 |a Cristianismo  |9 257361 
650 0 |a Historia  |9 255047 
650 0 |a Biografías  |9 255210 
583 |a last modification  |c 19951228 00:00:00  |k Rodrigo Vera 
999 |c 243476  |d 243474 
952 |0 0  |1 0  |4 0  |6 262_130000000000000_TOR_1987  |7 0  |8 A  |9 257124  |a BIBEDU  |b BIBEDU  |d 2019-11-19  |i 1613766  |o 262.13 TOR 1987  |p 1613766  |r 2019-11-19  |w 2019-11-19  |y BK  |k EDU